000 00671cam a2200253 4500
001 B3450
008 090401t1991 xxu||||| |||| 00| 0 eng d
035 _a(Sirsi) u56075
041 _aeng
050 _a333.335
110 _aMinistry of Agriculture
_91876
245 _aFarm rents in England results of 1990 annual rent enquiry
260 _aLondon
_bMinistry of Agriculture, Fisheries and F
_c1991
300 _a35p. : ill.,maps ; 30cm.
350 _a8.2
490 _aSTATS
_v45/91 :
650 _aFARM LAND
650 _aFARM RENTS
650 _aRENT
650 _aSTATISTICS
710 _aFisheries and Food
_91879
942 _n0
948 _c04/03/1997
999 _c93715
_d93715